UM Logo

Earthquake preparedness of um Digos College : (Record no. 22251)

MARC details
000 -LEADER
fixed length control field 00835nam a22002057a 4500
003 - CONTROL NUMBER IDENTIFIER
control field OSt
005 - DATE AND TIME OF LATEST TRANSACTION
control field 20250211172318.0
008 - FIXED-LENGTH DATA ELEMENTS--GENERAL INFORMATION
fixed length control field 241005b |||||||| |||| 00| 0 eng d
040 ## - CATALOGING SOURCE
Transcribing agency 0
100 ## - MAIN ENTRY--PERSONAL NAME
Personal name Dela Cruz, Henry James D.
Relator term author.
9 (RLIN) 62344
245 ## - TITLE STATEMENT
Title Earthquake preparedness of um Digos College :
Remainder of title an assessment /
Statement of responsibility, etc. Henry James D. Dela Cruz, Cherimie M. Garcia, Leelen C. Villanueva, and Hipolito B. Quillip Jr.
260 ## - PUBLICATION, DISTRIBUTION, ETC. (IMPRINT)
Place of publication, distribution, etc. Philippines ;
Name of publisher, distributor, etc. University of Mindanao,
Date of publication, distribution, etc. 2022.
300 ## - PHYSICAL DESCRIPTION
Extent volume 14, pages 433-443,
Other physical details illustration.
500 ## - GENERAL NOTE
General note Research Journal, v. 14, iss. 1, pages 433-443, 2022.
700 ## - ADDED ENTRY--PERSONAL NAME
Personal name Dela Cruz, Henry James D.
9 (RLIN) 20433
700 ## - ADDED ENTRY--PERSONAL NAME
Personal name Garcia, Cherimie M.
Relator term author.
9 (RLIN) 65069
700 ## - ADDED ENTRY--PERSONAL NAME
Personal name Villanueva, Leelen C.
Relator term author.
9 (RLIN) 65070
700 ## - ADDED ENTRY--PERSONAL NAME
Personal name Quillip, Hipolito B. Jr.
Relator term author.
9 (RLIN) 65071
942 ## - ADDED ENTRY ELEMENTS (KOHA)
Source of classification or shelving scheme Dewey Decimal Classification
Koha item type Periodicals
Holdings
Withdrawn status Lost status Source of classification or shelving scheme Damaged status Not for loan Collection code Home library Current library Date acquired Total Checkouts Date last seen Price effective from Koha item type Public note
    Dewey Decimal Classification     Periodicals UM Digos College - LIC UM Digos College - LIC 10/05/2024   10/05/2024 10/05/2024 Periodicals Periodical Article